Guess the random Taylor Swift Song Lyrics 96 - Statistics

General Stats
  • This quiz has been taken 8 times
  • The average score is 311 of 428
Answer Stats
Answer % Correct
I
100%
"I
100%
(I
100%
a
86%
A
86%
all
86%
And
86%
as
86%
ask
86%
by
86%
have
86%
he
86%
In
86%
in
86%
it's
86%
love
86%
me
86%
my
86%
of
86%
say
86%
the
86%
They
86%
to
86%
too
86%
(too
86%
when
86%
When
86%
you
86%
you)
86%
your
86%
you're
86%
Baby
71%
band
71%
basement
71%
been
71%
bejeweled
71%
boy
71%
But
71%
can
71%
'cause
71%
"Do
71%
do
71%
don't
71%
Don't
71%
first
71%
five
71%
going
71%
good
71%
got
71%
heart
71%
I'm
71%
I've
71%
Just
71%
kind
71%
little
71%
make
71%
man"
71%
meet
71%
on
71%
penthouse
71%
place
71%
remember"
71%
room
71%
said
71%
shimmer
71%
(shimmer)
71%
shoes
71%
some
71%
still
71%
then
71%
think
71%
top
71%
walk
71%
want
71%
whole
71%
believe
57%
Best
57%
breeds
57%
change
57%
contempt
57%
Diamonds
57%
diamond's
57%
Did
57%
Didn't
57%
eyes
57%
face
57%
Familiarity
57%
gave
57%
girl
57%
girl)
57%
gonna
57%
gotta
57%
might
57%
mind
57%
nice
57%
Nice
57%
(nice)
57%
night
57%
notice
57%
only
57%
out
57%
over
57%
peace
57%
polish
57%
present
57%
put
57%
Puttin'
57%
real
57%
shine
57%
someone
57%
their
57%
tonight
57%
try
57%
up
57%
walking
57%
was
57%
way
57%
we're
57%
What's
57%
works
57%
(ah
43%
aura's
43%
became
43%
credit
43%
curve
43%
dancin'
43%
extra
43%
graded
43%
guy
43%
heard
43%
high
43%
land
43%
lessons
43%
line
43%
made
43%
miss
43%
moonstone
43%
reclaim
43%
Sadness
43%
Sapphire
43%
sky
43%
sparkling
43%
teach
43%
tears
43%
time
43%
wait
43%
world
43%
hey)
29%
(huh)
29%
No matching quizzes found
Score Distribution
Percent of People with Each Score
Percentile by Number Answered
Your Score History
You have not taken this quiz